000
00334nam a2200145Ia 4500
100
_a
Mann/ Eric/ Litton/ Gerry
942
_c
BK
654
_a
computer
245
_a
PC Week : Guide to Lotus Notes Ref 4
260
_b
Ziff Daviz Press
_c
1996
082
_a
005.139(l)
_b
man/
300
_a
972
546
_a
ENGLISH
999
_c
22226
_d
22226